00826nam a2200229 i 4500001001000000003000900010005001700019007000300036008004100039040003000080041000800110082002500118100004900143245008700192264007000279300005400349336002700403337003300430338002800463650005500491651005000546000033456DO-SdBNP20251125091802.0ta110830s1993 dr 000 0 spa d aDO-SdBNPbspacBNPHUerda aspa 4a320.97293bB174a2221 aBalcácer, Juan Daniel,d1949-eautor4aut.10aAlgunas reflexiones en torno a la democracia dominicana /cJuan Daniel Balcácer. 1aSanto Domingo, República Dominicana :bEditora Corripio,c1993. a69 páginas :bilustraciones, retratos ;c23 cm. atextobtxt2rdacontent asin mediaciónbn2rdamedia avolumenbnc2rdacarrier 4aParticipación políticazRepública Dominicana 4aRepública DominicanaxPolítica y gobierno